Their Name Starts With G - Statistics

General Stats
  • This quiz has been taken 26 times
  • The average score is 15 of 24
Answer Stats
Picture Hint Answer % Correct
Hell's Kitchen - Next Level Chef Gordon Ramsey
96%
Ocean's 11 - Batman and Robin George Clooney
92%
43rd President of the United States George W. Bush
92%
Lead Guitarist for The Beatles George Harrison
88%
Creator of Star Wars and Indiana Jones George Lucas
88%
Careless Whisper - Wake Me Up Before You Go Go George Michael
88%
Mississippi Burning - The Replacements Gene Hackman
83%
Hollaback Girl - What You Waiting For? Gwen Stefani
83%
Avengers Movies - Shakespeare In Love Gwyneth Paltrow
83%
Legendary Bassist for KISS Gene Simmons
79%
Willy Wonka and The Chocolate Factory - Blazing Saddles Gene Wilder
79%
101 Dalmatians - Fatal Attraction Glenn Close
79%
Brazilian Super Model - Tom Brady's Ex-Wife Gisele Bundchen
75%
The Dark Knight Trilogy - Harry Potter Series Gary Oldman
67%
Friends in Low Places - The Thunder Rolls Garth Brooks
54%
300 - Greenland Gerard Butler
54%
Legendary Stand Up Comedian George Carlin
46%
Super Model - Real Housewives of Beverly Hills Gigi Hadid
38%
Diners, Drive-Ins, and Dives - _____ Grocery Games Guy Fieri
38%
Stand Up Comedian - "Fluffy" Gabriel Iglesias
25%
Milwaukee Bucks - 2019/20 NBA MVP Giannis Antetokounmpo
25%
Female MMA Pioneer Gina Carano
21%
Breaking Bad - The Mandalorian Giancarlo Esposito
17%
Olympic Gold Medalist Gymnast Gabby Douglas
13%
No matching quizzes found
Score Distribution
Percent of People with Each Score
Percentile by Number Answered
Your Score History
You have not taken this quiz